[Event "NOR-chB op"]
[Site "Asker"]
[Date "2003.05.31"]
[Round "4"]
[White "Byklum, Bjornar"]
[Black "Parr, Erik"]
[Result "1/2-1/2"]
[WhiteElo "2241"]
[BlackElo "2079"]
[PlyCount "27"]
[EventDate "2003.05.??"]
[EventType "swiss"]
[EventRounds "5"]
[EventCountry "NOR"]
[SourceTitle "EXT 2005"]
[Source "ChessBase"]
[SourceDate "2004.11.15"]
[SourceVersion "1"]
[SourceVersionDate "2004.11.15"]
[SourceQuality "1"]

1. e4 c5 2. d3 Nc6 3. g3 d5 4. exd5 Qxd5 5. Nf3 Bg4 6. Bg2 Nf6 7. h3 Bh5 8. 0-0 e6 9. Bf4 Qd7 10. Nc3 Bd6 11. Bxd6 Qxd6 12. Re1 0-0 13. g4 Bg6 14. Nh4 1/2-1/2

[Event "NOR-chB op"]
[Site "Asker"]
[Date "2003.05.30"]
[Round "3"]
[White "Parr, Erik"]
[Black "Naessvold, Kjell"]
[Result "1-0"]
[WhiteElo "2079"]
[BlackElo "1840"]
[PlyCount "111"]
[EventDate "2003.05.??"]
[EventType "swiss"]
[EventRounds "5"]
[EventCountry "NOR"]
[SourceTitle "EXT 2005"]
[Source "ChessBase"]
[SourceDate "2004.11.15"]
[SourceVersion "1"]
[SourceVersionDate "2004.11.15"]
[SourceQuality "1"]

1. e4 c5 2. Nf3 e6 3. c3 d5 4. e5 Nc6 5. d4 Bd7 6. Be2 h5 7. a3 Nh6 8. Bxh6 Rxh6 9. b4 cxd4 10. cxd4 h4 11. h3 a5 12. b5 Ne7 13. a4 Nf5 14. Bd3 b6 15. 0-0 Rc8 16. Ra2 Bb4 17. Rc2 Rh8 18. Qc1 g6 19. Rxc8 Qxc8 20. Qf4 Be7 21. Rc1 Qd8 22. Qd2 Kf8 23. Qc3 Qe8 24. Qc7 Bd8 25. Qb7 Kg7 26. Nbd2 Qe7 27. Rc2 Be8 28. Qxe7 Nxe7 29. Nh2 Bd7 30. Ng4 Ng8 31. Nf3 Kf8 32. Kf1 Ke8 33. Ke2 Rh5 34. Ke3 Ke7 35. Nfh2 Ke8 36. f4 Rh8 37. Nf3 Rh5 38. Be2 Rh8 39. Ng5 Ke7 40. Nf3 Ke8 41. Bd3 Ke7 42. Kf2 Ke8 43. Rc3 Ke7 44. Bc2 Ke8 45. Bb3 Rh5 46. Bc2 Rh8 47. Nfh2 Rh5 48. Ne3 Nh6 49. Bd1 Rf5 50. Nxf5 Nxf5 51. Nf3 f6 52. Bc2 fxe5 53. Bxf5 gxf5 54. Nxe5 Ke7 55. g3 Kd6 56. Nf7+ 1-0

[Event "Troll Masters"]
[Site "Gausdal"]
[Date "2001.01.11"]
[Round "8"]
[White "Parr, Erik"]
[Black "Rasmussen, Casper"]
[Result "1/2-1/2"]
[WhiteElo "2229"]
[BlackElo "2303"]
[PlyCount "75"]
[EventDate "2001.01.05"]
[EventType "swiss"]
[EventRounds "9"]
[EventCountry "NOR"]
[SourceTitle "CBM 080 Extra"]
[Source "ChessBase"]
[SourceDate "2001.03.08"]
[SourceVersion "1"]
[SourceVersionDate "2001.03.08"]
[SourceQuality "1"]

1. e4 c5 2. Nf3 e6 3. c3 Nf6 4. e5 Nd5 5. d4 cxd4 6. cxd4 b6 7. Nc3 Nxc3 8. bxc3 Qc7 9. Bd2 d6 10. Bd3 Nd7 11. Ng5 Bb7 12. Qh5 g6 13. exd6 Qxd6 14. Qh3 Nf6 15. 0-0 Bg7 16. Bb5+ Bc6 17. Bf4 Qd7 18. Bxc6 Qxc6 19. Rfe1 0-0 20. Rac1 b5 21. Be5 h5 22. Bxf6 Bxf6 23. Ne4 Bg7 24. Rcd1 Qd5 25. a3 Rac8 26. Rd3 Rc4 27. Qh4 e5 28. Nf6+ Bxf6 29. Qxf6 exd4 30. Rxd4 Rxd4 31. cxd4 a5 32. h3 b4 33. axb4 axb4 34. Qb6 b3 35. Rb1 Rd8 36. Rxb3 Qxd4 37. Qxd4 Rxd4 38. g3 1/2-1/2

[Event "NOR-ch"]
[Site "Oslo"]
[Date "1998.07.05"]
[Round "2"]
[White "Parr, Erik"]
[Black "Gabrielsen, Stig"]
[Result "0-1"]
[WhiteElo "2285"]
[BlackElo "2305"]
[PlyCount "86"]
[EventDate "1998.07.??"]
[EventType "swiss"]
[EventRounds "9"]
[EventCountry "NOR"]
[SourceTitle "EXT 1999"]
[Source "ChessBase"]
[SourceDate "1998.11.16"]
[SourceVersion "1"]
[SourceVersionDate "1998.11.16"]
[SourceQuality "1"]

1. e4 c5 2. Nf3 Nc6 3. d4 cxd4 4. Nxd4 Nf6 5. Nc3 d6 6. Be2 e6 7. 0-0 Be7 8. Nb3 0-0 9. f4 a6 10. Bf3 Qc7 11. a4 b6 12. e5 Ne8 13. a5 Bb7 14. Be3 bxa5 15. Na4 Rb8 16. Bb6 Qc8 17. Nxa5 Nxa5 18. Bxa5 dxe5 19. fxe5 Bxf3 20. Rxf3 Rb5 21. Bc3 Nc7 22. b3 Rd5 23. Qe2 Nb5 24. Bb2 Nd4 25. Bxd4 Rxd4 26. Nb2 Bc5 27. Kh1 Rfd8 28. Nc4 Qc6 29. h3 h6 30. Rg3 Qd5 31. Rf1 Rd7 32. Rgf3 Re4 33. Qd3 Bd4 34. Nd6 Rxe5 35. Nxf7 Rf5 36. Rxf5 exf5 37. Rxf5 Qe6 38. Ne5 Rd5 39. Ng6 Rxf5 40. Qxf5 Qe1+ 41. Kh2 Bg1+ 42. Kh1 Bf2+ 43. Kh2 Bg3# 0-1

[Event "FRA-chT"]
[Site "France"]
[Date "1998.04.02"]
[Round "4"]
[White "Cramling, Pia"]
[Black "Parr, Erik"]
[Result "1-0"]
[WhiteElo "2535"]
[BlackElo "2285"]
[PlyCount "97"]
[EventDate "1998.02.06"]
[EventType "team-tourn"]
[EventRounds "11"]
[EventCountry "FRA"]
[SourceTitle "CBM 064 Extra"]
[Source "ChessBase"]
[SourceDate "1998.07.07"]
[SourceVersion "1"]
[SourceVersionDate "1998.07.07"]
[SourceQuality "1"]

1. d4 f5 2. g3 Nf6 3. Bg2 g6 4. b3 Bg7 5. Bb2 0-0 6. Nf3 d6 7. 0-0 Na6 8. Nbd2 Rb8 9. c4 c6 10. Ne1 Qe8 11. Nd3 Nc7 12. Qc2 Bd7 13. a4 g5 14. Rae1 Qh5 15. e3 Ne4 16. f3 Nxd2 17. Qxd2 Qg6 18. f4 gxf4 19. exf4 e6 20. Qb4 c5 21. dxc5 Bxb2 22. Nxb2 Na6 23. Qd2 Nxc5 24. Qxd6 Qg7 25. Qxc5 Qxb2 26. Qe3 Rfe8 27. Rf2 Qa3 28. Rd2 Bc6 29. Rd3 Bxg2 30. Kxg2 b6 31. Rd7 Qc5 32. Qxc5 bxc5 33. Re3 Rb6 34. Rxa7 Rd8 35. Rc7 Rd2+ 36. Kf3 Rxh2 37. Rd3 Rb8 38. Rxc5 Kf7 39. Rb5 Rg8 40. Rb7+ Kg6 41. Re3 Kf6 42. Rb6 Re8 43. a5 h5 44. Re2 Rh1 45. a6 h4 46. Kg2 Rd1 47. gxh4 Rg8+ 48. Kf2 Kg6 49. a7 1-0

[Event "NOR-ch"]
[Site "Oslo"]
[Date "1998.??.??"]
[Round "5"]
[White "Madsen, Dag"]
[Black "Parr, Erik"]
[Result "1/2-1/2"]
[WhiteElo "2275"]
[BlackElo "2285"]
[PlyCount "80"]
[EventDate "1998.07.??"]
[EventType "swiss"]
[EventRounds "9"]
[EventCountry "NOR"]
[SourceTitle "EXT 1999"]
[Source "ChessBase"]
[SourceDate "1998.11.16"]
[SourceVersion "1"]
[SourceVersionDate "1998.11.16"]
[SourceQuality "1"]

1. Nf3 f5 2. d4 Nf6 3. g3 g6 4. Bg2 Bg7 5. 0-0 0-0 6. c4 d6 7. Nc3 Qe8 8. Nd5 Nxd5 9. cxd5 c6 10. dxc6 Nxc6 11. d5 Nd8 12. Nd4 Kh8 13. b3 e5 14. dxe6 Nxe6 15. Bb2 Nc5 16. e3 Bd7 17. Rb1 Rc8 18. a4 Qe7 19. Ne2 Bc6 20. Bxg7+ Kxg7 21. b4 Bxg2 22. Kxg2 Ne4 23. Qd4+ Kh6 24. Rfc1 b6 25. h4 Rfe8 26. a5 bxa5 27. bxa5 Rc5 28. a6 Rec8 29. Rb7 R8c7 30. Rcb1 Qd7 31. R1b2 R5c6 32. Qxa7 Nc5 33. Rxc7 Rxc7 34. Qb6 Rc6 35. Qb5 Rxa6 36. Qxd7 Nxd7 37. Nf4 Nc5 38. Nd5 Ne4 39. Rc2 Ra5 40. Nf4 Ra7 1/2-1/2